Biblioteca

Perspectiva histórica de la llegada de los españoles (Registro nro. 71408)

Detalles MARC
000 -LÍDER
Campo fijo de descripción fija 00959nab a2200193 4500
001 - NÚMERO DE CONTROL
Campo de control 768714001
003 - IDENTIFICADOR DEL NÚMERO DE CONTROL
Campo de control CO-MdFUSB
005 - FECHA Y HORA DE LA ULTIMA TRANSACCIÓN
control field 20250728100433.0
008 - ELEMENTOS DE LONGITUD FIJA -- INFORMACIÓN GENERAL
Campo fijo de descripción fija -- Información general 250728t1993 cr ||||| |||| 00| 0 spa d
040 ## - FUENTE DE CATALOGACIÓN
Idioma de catalogación spa
Agencia que realiza la transcripción CO-MdFUSB
Agencia que realiza la modificación CO-MdFUSB
100 ## - ASIENTO PRINCIPAL--NOMBRE PERSONAL
Nombre personal Rooy, Sidney H.,
Término relacionador autor
245 ## - TÍTULO
Título Perspectiva histórica de la llegada de los españoles
Mención de responsabilidad / Sidney H. Rooy
300 ## - DESCRIPCIÓN FÍSICA
Extensión Volumen 12, número 2 (abril - julio, 1993), páginas: 28 - 29
Dimensiones ; 27 cm
520 ## - NOTA DE RESUMEN, ETC.
Nota de sumario, etc. La luna de miel primer encuentro de Colón con los indios no perduró el año tradicional que esperamos para los recién casados.<br/>Con tanta frecuencia blanqueamos el pasado para olvidarnos más fácilmente de los tropiezos sobre los derechos ajenos.
653 ## - TÉRMINO DE INDIZACIÓN - NO CONTROLADO
Término no controlado Conquista de América Latina
773 0# - ASIENTO DE ITEM FUENTE
Biblionumber 49402
Itemnumber 59656
Lugar, editorial y fecha de publicación Buenos Aires
Otro identificador del ítem R0774
Título Iglesia y Misión
Número de control del registro (CO-MdFUSB)19
Parte(s) relacionada(s) / Volumen., número. (mes año), páginas Volumen 12, número 2 (abril - julio, 1993), páginas: 28 - 29
Enumeración y primera página páginas: 28
942 ## - TIPO DE MATERIAL (KOHA)
Tipo de Item KOHA Artículos de Revista
945 ## - INFORMACIÓN LOCAL DEL REGISTRO
Catalogador JTF-925

No hay ítems disponibles.

Biblioteca FUSBC | Teléfono: (57+4) 349 88 10 Ext. 141| WhatsApp (+57) 3005338115 
E-mail: biblioteca@unisbc.edu.co | Calle 76 87-14 Robledo Palenque, Medellín, Colombia

Con tecnología Koha